<?xml version="1.0" encoding="UTF-8"?><?xml-stylesheet type="text/xsl" href="static/style.xsl"?><OAI-PMH xmlns="http://www.openarchives.org/OAI/2.0/" xmlns:xsi="http://www.w3.org/2001/XMLSchema-instance" xsi:schemaLocation="http://www.openarchives.org/OAI/2.0/ http://www.openarchives.org/OAI/2.0/OAI-PMH.xsd"><responseDate>2026-04-17T01:01:13Z</responseDate><request verb="GetRecord" identifier="oai:www.recercat.cat:2072/449611" metadataPrefix="marc">https://recercat.cat/oai/request</request><GetRecord><record><header><identifier>oai:recercat.cat:2072/449611</identifier><datestamp>2025-04-13T19:37:50Z</datestamp><setSpec>com_2072_98</setSpec><setSpec>col_2072_378194</setSpec></header><metadata><record xmlns="http://www.loc.gov/MARC21/slim" xmlns:dcterms="http://purl.org/dc/terms/" xmlns:xsi="http://www.w3.org/2001/XMLSchema-instance" xmlns:doc="http://www.lyncode.com/xoai" xsi:schemaLocation="http://www.loc.gov/MARC21/slim http://www.loc.gov/standards/marcxml/schema/MARC21slim.xsd">
   <leader>00925njm 22002777a 4500</leader>
   <datafield ind2=" " ind1=" " tag="042">
      <subfield code="a">dc</subfield>
   </datafield>
   <datafield ind2=" " ind1=" " tag="720">
      <subfield code="a">Murciano, Marcial</subfield>
      <subfield code="e">author</subfield>
   </datafield>
   <datafield ind2=" " ind1=" " tag="720">
      <subfield code="a">Agudiez Calvo, María del Pinar</subfield>
      <subfield code="e">author</subfield>
   </datafield>
   <datafield ind2=" " ind1=" " tag="720">
      <subfield code="a">González Saavedra, Carlos Alberto</subfield>
      <subfield code="e">author</subfield>
   </datafield>
   <datafield ind2=" " ind1=" " tag="260">
      <subfield code="c">2018</subfield>
   </datafield>
   <datafield ind2=" " ind1=" " tag="520">
      <subfield code="a">Las Industrias Culturales y Creativas (ICC) forman en España un dinámico ecosistema donde cohabitan y se retroalimentan ámbitos tractores, consolidados, con actividades de dinámica distribuida, que se condicionan por el entorno socio-económico y por las oportunidades abiertas por el cambio tecnológico. La presente comunicación constata la existencia de relaciones recíprocas (correlaciones) entre algunos indicadores fundamentales para contextualizar las actividades creativas en el marco autonómico español, en general, y en las comunidades de Madrid, Castilla y León y Castilla-La Mancha, en particular: el PIB per cápita, nivel de formación en la población adulta, la educación, la tasa de riesgo de pobreza y las oportunidades, infraestructuras y usos digitales. La comunicación propuesta muestra por primera vez el peso desagregado de las ICC en Madrid, Castilla y León y Castilla-La Mancha en relación con el resto de comunidades autónomas de España a través de una amplia base de datos estadísticos.</subfield>
   </datafield>
   <datafield tag="653" ind2=" " ind1=" ">
      <subfield code="a">Industrias culturales y creativas</subfield>
   </datafield>
   <datafield tag="653" ind2=" " ind1=" ">
      <subfield code="a">CCAA España</subfield>
   </datafield>
   <datafield tag="653" ind2=" " ind1=" ">
      <subfield code="a">Empresas creativas</subfield>
   </datafield>
   <datafield tag="653" ind2=" " ind1=" ">
      <subfield code="a">Crecimiento económico</subfield>
   </datafield>
   <datafield tag="653" ind2=" " ind1=" ">
      <subfield code="a">Empleo</subfield>
   </datafield>
   <datafield tag="653" ind2=" " ind1=" ">
      <subfield code="a">Competitividad</subfield>
   </datafield>
   <datafield ind2="0" ind1="0" tag="245">
      <subfield code="a">Las industrias culturales y creativas en las comunidades autónomas españolas. Los casos de Castilla-La Mancha, Castilla y León y la Comunidad de Madrid</subfield>
   </datafield>
</record></metadata></record></GetRecord></OAI-PMH>